Školiace a vzdelávacie centrum, Modra - interiér

Salvato in:
Dettagli Bibliografici
Autore principale: Frančeková, Lucia (Autore)
Altri autori: Hronský, Michal (Relatore della tesi)
Natura: Manoscritto Libro
Lingua:slovacco
Pubblicazione: 2025
Soggetti:
Accesso online:http://is.stuba.sk/zp/portal_zp.pl?podrobnosti=178788
Tags: Aggiungi Tag
Nessun Tag, puoi essere il primo ad aggiungerne!!

MARC

LEADER 00000ntm a22000003a 4500
001 stuzp104484
003 SK-STU
005 20250607210530.3
007 ta
008 150427s2015----xo-----f-mn---000-0-slo-d
040 |a STU  |b slo 
041 0 |a slo 
100 1 |a Frančeková, Lucia  |u 055150  |4 aut  |U FAD Fakulta architektúry a dizajnu  |T FAD Ústav interiéru a výstavníctva  |X 99348  |U A5150  |Y 396  |7 99348 
242 0 1 |a Training and education center, Modra - interior  |y eng 
245 1 0 |a Školiace a vzdelávacie centrum, Modra - interiér 
260 |c 2025 
650 4 |a Evangelical grammar school  |2 eng 
650 4 |a adaptation  |2 eng 
650 4 |a state enterprise Vodohospodárska výstavba  |2 eng 
650 4 |a štátny podnik Vodohospodárska výstavba  |2 slo 
650 4 |a evanjelické gymnázium  |2 slo 
650 4 |a adaptácia  |2 slo 
700 1 |a Hronský, Michal  |u 055150  |k Z1  |4 ths  |U FAD Fakulta architektúry a dizajnu  |T FAD Ústav interiéru a výstavníctva  |X 404  |U A5150  |Y 396  |7 A000000404 
856 4 |u http://is.stuba.sk/zp/portal_zp.pl?podrobnosti=178788